header

The aid trap (Record no. 205462)

MARC details
000 -LEADER
fixed length control field 01790nam a2200385 a 4500
082 04 - DEWEY DECIMAL CLASSIFICATION NUMBER
Classification number 338.9109172/4
100 1# - MAIN ENTRY--AUTHOR NAME
Personal name Hubbard, R. Glenn.
245 14 - TITLE STATEMENT
Title The aid trap
260 ## - PUBLICATION, DISTRIBUTION, ETC. (IMPRINT)
Place of publication New York :
Name of publisher Columbia Business School Pub.,
Year of publication c2009.
300 ## - PHYSICAL DESCRIPTION
Number of Pages xii, 198 p.
505 0# - FORMATTED CONTENTS NOTE
Formatted contents note Introduction: the charity trap -- Business first: the roots of prosperity in the modern world -- Business last: the roots of failure in poverty aid -- Strong medicine: the Marshall plan as a business model -- Chase the devil: details for a Marshall model -- Conclusion: make it your business.
650 #0 - SUBJECT ADDED ENTRY--TOPICAL TERM
Topical Term Economic assistance
Topical Term Poverty
Topical Term Economic development
700 1# - ADDED ENTRY--PERSONAL NAME
Personal name Duggan, William R.
856 40 - ELECTRONIC LOCATION AND ACCESS
Uniform Resource Identifier http://site.ebrary.com/lib/rucke/Doc?id=10387033

No items available.

© 2026 Rongo University
Contact us: librarian | system librarian | Rongo university